000 00689nam a2200205 4500
003 LK-CoMWRAF
008 231226b2000 |||||||| |||| 00| 0 eng d
040 _aLK-CoMWRAF
_dLK-CoMWRAF
_eLK-CoMWRAF
041 _aeng
082 _a320.082
_bGEN
111 _a 'GENDER & DEMOCRACY'
_c(Windhoek, Namibia
_d9-11 February 2000)
245 _a Commonwealth Workshop on Gender & Democracy
260 _aLondon:
_bCommonwealth Secretariat,
_c2000
300 _a24 p. : ill., portraits
490 _aDeepening democracy
650 _aDemocracy- Commonwealth countries- Congresses
650 _aEquality -Commonwealth countries
650 _aWomen's rights- Commonwealth countries
942 _cCP
999 _c4574
_d4574